Biblioteca ESET

Matemática 4 (Registro nro. 417)

Detalles MARC
000 -CABECERA
fixed length control field 00584nam a2200217Ia 4500
003 - CONTROL NUMBER IDENTIFIER
control field AR-BeUNQ
005 - FECHA Y HORA DE LA ULTIMA TRANSACCION
control field 20240429195357.0
008 - ELEMENTOS DE LONGITUD FIJA-INFORMACION GENERAL
fixed length control field 221202s9999 xx 000 0 und d
020 ## - NUMERO INTERNACIONAL NORMALIZADO PARA LIBROS
Número Internacional Normalizado del libro 9789500104555
040 ## - FUENTE DE CATALOGACION
Agencia de catalogación original AR-BeUNQ
Idioma de catalogación ESPAÑOL
Convenciones de la descripción aacr
Agencia que realiza la transcripción AR-BeUNQ
100 ## - ASIENTO PRINCIPAL-NOMBRE PERSONAL
Nombre personal Chorny, Fernando.
245 #0 - MENCION DE TITULO
Título Matemática 4
250 ## - MENCION DE EDICION
Mención de edición 1a ed.
260 ## - PUBLICACION, DISTRIBUCION, ETC.
Lugar de publicación, distribución, etc. Buenos Aires
Nombre del editor, distribuidor, etc. Estrada
Fecha de publicación, distribución, etc 2015
300 ## - DESCRIPCION FISICA
Extensión 224 P. ;
Otros detalles físicos il. ;
Dimensiones 28 x 20 cm
490 ## - MENCION DE SERIE
Mención de serie Estrada Secundaria
546 ## - NOTA DE IDIOMA
Nota de idioma Español
700 ## - ASIENTO SECUNDARIO - NOMBRE DE PERSONA
Personal name Salpeter, Claudio.
929 ## - DATOS DE ADQUISICION
Proveedor EESN| 15
Fecha de recibido 2018
Procedencia DONACION
Número de inventario 59783
Patrimonio UNQ PAT0081490
942 ## - ELEMENTOS DE PUNTO DE ACCESO ADICIONAL (KOHA)
Tipo de ítem Koha Libros
Suppress in OPAC 0
Existencias
Estado de retiro Estado de pérdida Fecha de ingreso Total Checkouts Signatura topográfica completa Inventario Date last seen Tipo de ítem Koha
    02/12/2022   510 CHO 59783 02/12/2022 Libros

ESET UNQ

☏ 4365-7188
 Avenida República de Francia 1714 entre Doctor Kenny y Concordia, Ezpeleta, Bs As.
✉ secretaria_eset@unq.edu.ar

Con tecnología Koha